000 01326cam a2200253 ia4500
003 SA-RiAUC
005 20250309121036.0
008 250308s1967 ua g 00000 ara c
040 _aSA-RiAUC
_bara
_cSA-RiAUC
_erda
082 0 4 _a415.1
_qSA-RiAUC
090 _a415.1
_bا ب ن ع
100 1 _aابن عقيل، عبد الله بن عبد الرحمن بن عبد الله،
_d694-769 هجري
_eمؤلف.
245 1 0 _aشرح ابن عقيل على ألفية ابن مالك /
_cتأليف ابن عقيل المصري. معه كتاب منحة الجليل بتحقيق شرح ابن عقيل / محمد محيي الدين عبد الحميد.
264 1 _aالقاهرة :
_bالمكتبة التجارية الكبرى،
_c1967
300 _a4 مجلد ؛
_c25 سم
336 _aنص
_btxt
_2rdacontent
_3كتاب
337 _aبدون وسيط
_bn
_2rdamedia
338 _aمجلد
_bnc
_2rdacarrier
650 7 _aاللغة العربية
_xنحو
_2aucsh
700 1 2 _iمع :
_aعبد الحميد، محمد محيي الدين،
_d1318-1393 هجري.
_tمنحة الجليل بتحقيق شرح ابن عقيل
700 1 2 _iشرح لـ :
_aابن مالك، محمد بن عبد الله،
_d600-672 هجري.
_tألفية ابن مالك.
942 _2ddc
_cBOOK
_n0
949 _aSA-JeALM
_d250308
_umohamedma123
_n1
999 _c6342
_d6342